|
|
|
|
| LEADER |
00000nab a2200000 a 4500 |
| 001 |
vtls001021827 |
| 003 |
SK-MaSNL |
| 005 |
20260305033058.0 |
| 008 |
040720e19930410xo 0 slo |
| 035 |
|
|
|a SL422
|
| 040 |
|
|
|a SLLK
|b slo
|c SLLK
|e AACR2
|
| 041 |
0 |
|
|a slo
|
| 044 |
|
|
|a xo
|c SK
|
| 080 |
|
|
|a 631.115.6
|2 1981
|
| 100 |
1 |
|
|a Úzky, Štefan
|4 aut
|9 975267
|
| 245 |
1 |
0 |
|a Bezodný mešec ťažko naplniť
|b v Údole ešte úrodu založia, no čo ďalej
|c Štefan Úzky
|
| 610 |
2 |
7 |
|a Poľnohospodárske družstvo (Údol, Slovensko)
|2 SLLK
|9 1023148
|
| 650 |
0 |
7 |
|a práce jarné
|2 SLLK
|9 1017663
|
| 650 |
0 |
7 |
|a prípravy
|2 SLLK
|9 315432
|
| 651 |
|
7 |
|a Údol (Slovensko)
|2 snkbucl
|9 59217
|
| 651 |
|
7 |
|a Stará Ľubovňa (Slovensko : okres)
|2 snkbucl
|9 19196
|
| 773 |
0 |
8 |
|t Lúč
|g Roč. 2, č.84, 10.4.1993, s. 4
|
| 852 |
|
|
|a ZVYKNI
|b KIS3GCP
|
| 999 |
|
|
|c 3322732
|d 3324662
|